header

IFRS, fair value and corporate governance (Record no. 185415)

MARC details
000 -LEADER
fixed length control field 01328nam a2200337Ia 4500
100 1# - MAIN ENTRY--AUTHOR NAME
Personal name Chorafas, Dimitris N.
245 10 - TITLE STATEMENT
Title IFRS, fair value and corporate governance
250 ## - EDITION STATEMENT
Edition statement 1st ed.
260 ## - PUBLICATION, DISTRIBUTION, ETC. (IMPRINT)
Place of publication Oxford ;
-- Burlington, MA :
Name of publisher Elsevier,
Year of publication 2006.
300 ## - PHYSICAL DESCRIPTION
Number of Pages xv, 479 p. :
Other physical details ill.
650 #0 - SUBJECT ADDED ENTRY--TOPICAL TERM
Topical Term Accounting
Topical Term Financial statements
Topical Term Fair value
Topical Term Corporate governance.
856 40 - ELECTRONIC LOCATION AND ACCESS
Uniform Resource Identifier http://site.ebrary.com/lib/rucke/Doc?id=10138656

No items available.

© 2026 Rongo University
Contact us: librarian | system librarian | Rongo university